Statistiques concernant Jeu vidéo par lettre - J

Cliquez ici pour prendre le quiz!

Statistiques générales

  • Ce quiz a été pris 285 fois
  • Le résultat moyen est 10 sur 20

Statistiques - réponses

IndicesRéponses% Correct
Pays de Nintendo, Sony, Taito, Konami, Level-5,...Japon
96%
Série de jeux de danse d'Ubisoft initiée sur Wii en 2009 et comptant 13 épisodesJust Dance
89%
🕹️Joystick
80%
Franchise cinématographique dont est tiré le FPS GoldenEye 007James Bond
79%
Chaîne de tests de jeux rétro tenue par Frédéric Molas et Sébastien RassiatJoueur Du Grenier
77%
Nom donné aux contrôleurs de la Nintendo SwitchJoy-Con
73%
Région des jeux Pokémon Or et Argent notammentJohto
63%
Sous-genre du RPG dont Dragon Quest et Final Fantasy sont les ambassadeursJRPG
55%
Compagnon humain de la beloutre Daxter dans la série du même nomJak
46%
Prénom de Valentine, héroïne de la franchise Resident EvilJill
46%
Pokémon fabuleux Psy-Acier exauçant les vœuxJirachi
42%
Nom donné au protagoniste du jeu Donkey Kong, avant qu'il ne soit nommé MarioJumpman
42%
Etudiant protagoniste du jeu Persona 5Joker
34%
Franchise cinématographique dans laquelle les personnages sont propulsés
dans un univers vidéoludique, elle-même adaptée en jeu vidéo
Jumanji
33%
Jeu de combat réunissant de nombreuses licences de manga dont Naruto,
One Piece ou encore Dragon Ball
Jump Force
31%
Série de jeux GTA-like dans laquelle le joueur incarne Rico RodriguezJust Cause
31%
Combattant dans Mortal Kombat ou maître d'armes dans League of LegendsJax
25%
Jeu Dreamcast dans lequel des individus à roller se disputent les quartiers
d'une ville à l'aide de graffitis
Jet Set Radio
15%
Série de FPS ou TPS inspirée de la saga Star WarsJedi Knight
10%
Esprit félin accro aux barres chocolatées, mascotte de la série Yo-kai WatchJibanyan
9%

Distribution des résultats

Percentile par nombre de réponses

% des personnes avec chaque résultat

Votre développement - résultats

Vous n’avez pas pris ce quiz